Podnikatelia by mali viac vstupovať do procesu prípravy svojich budúcich zamestnancov i konkurentov
Stredné odborné učilištia by mali vychovávať odborných robotníkov pre priemysel a živnostníkov - remeselníkov. Pokles záujmu o štúdium na SOU. Zbytočne vysoký počet nezamestnaných absolventov SOU. Racionalizácia počtu odborov. Spolupráca s podnikateľmi pri príprave učňov.
Salvato in:
| Autore principale: | |
|---|---|
| Natura: | Capitolo di libro |
| Lingua: | slovacco |
| Soggetti: | |
| Tags: |
Nessun Tag, puoi essere il primo ad aggiungerne!!
|
MARC
| LEADER | 00000naa a2200000 4500 | ||
|---|---|---|---|
| 001 | r021614 | ||
| 005 | 20230921075234.0 | ||
| 041 | 0 | |a slo | |
| 044 | |a SK | ||
| 245 | 1 | 0 | |a Podnikatelia by mali viac vstupovať do procesu prípravy svojich budúcich zamestnancov i konkurentov |c Vojtech Gossányi |
| 520 | |a Stredné odborné učilištia by mali vychovávať odborných robotníkov pre priemysel a živnostníkov - remeselníkov. Pokles záujmu o štúdium na SOU. Zbytočne vysoký počet nezamestnaných absolventov SOU. Racionalizácia počtu odborov. Spolupráca s podnikateľmi pri príprave učňov. | ||
| 610 | 2 | 0 | |a Slovensko |
| 610 | 2 | 0 | |a podnikatelia |
| 610 | 2 | 0 | |a učilištia odborné stredné |
| 610 | 2 | 0 | |a učni |
| 610 | 2 | 0 | |a príprava na povolanie |
| 610 | 2 | 0 | |a remeslá |
| 610 | 2 | 0 | |a živnosti |
| 610 | 2 | 0 | |a robotníci odborní |
| 610 | 2 | 0 | |a zamestnanci |
| 100 | 1 | |a Gossányi, Vojtech | |